000 01564nam a2200289Ia 4500
999 _c56586
_d56586
001 23700
003 GE_BSU
005 20260326152717.0
008 181216s1996||||ge |||||||||||||| ||geo||
020 _a551106904
040 _cGE_BSU
041 _ageo
080 _a930(479.22)+94(479.22)+338(479.22)(09) ჯ-14
100 _aჯავახიშვილი, ი. (ივანე, 1876-1940)
_911800
245 _aთხზულებანი : 12 ტომად. ტ. 4, საქართველოს ეკონომიური ისტორია /
_cივანე ჯავახიშვილი ; [... გამოსაც. მოამზადეს პ. გუგუშვილმა და ვ. ჩანტლაძემ] ; საქ. სსრ მეცნ. აკადემია.
264 _aთბილისი :
_bთბილისის სახელმწ. უნ-ტის გამ-ბა,
_c1996.
300 _a512 გვ. ;
_c 26 სმ
500 _aსაძიებ. გვ. 459-503
541 _h10 ლ.
653 _aთხზულებანი : 12 ტომად. ტ. 4
653 _aსაქართველოს ეკონომიური ისტორია
653 _aსაქართველოს ისტორია
653 _aქართული ისტორიოგრაფია
700 _aგუგუშვილი, პ.
_eავტორი
_918004
700 _aჩანტლაძე, ვ.
_eავტორი
_93436
942 _cBK
_2udc